1611 1231 1428 1227 1973 1911 1998 1533 1274 1023 1937 1451 1841 1823 1696 1665 1860 1460 1550 1055 1137 1176 1855 1330 1034 1896 1087 1830 1727 1307 1364 1730 1869 1511 1879 1941 1532 1150 1827 1516 1836 1832 1759 1852 1313 1908 1131 1901 1829 1419 1979 1723 1477 1897 1354 1164 1826 1113 1657 1069 1124 1647 1615 1256 1960 1150 1035 1447 1746 1816 1758 1290 1976 1166 1369 1602 1213 1750 1797 1271 1682 1693 1294 1229 1485 1140 1025 1826 1835 1634 1228 1697 1485 1269 1453 1037 1963 1852 1871 BCNSPRNW ULIB Ver.6.0+V

เปลี่ยนเป็นภาษาไทย

Change to English
 แสดงรายละเอียดบรรณานุกรม
  กลับหน้าหลัก

Brief Record : Get Marc (ISO 2709) : E-mail record : QR code < ปิดหน้าต่าง
LEADER : 00000nam 2200000uu 4500
001    13399112355
003     ULIB
008    110805s2543||||th 000 0 tha d
020    9742225486
050 0  JQ1745.A5^bส271ก 2543
100 0  สมาน รังสิโยกฤษฏ์
245 10 การบริหารราชการไทย :^bอดีต ปัจจุบัน และอนาคต /^cโดย สมาน รังสิโยกฤษฏ์
260    กรุงเทพฯ :^bบรรณกิจ,^c2543
300    157 หน้า :^bแผนภูมิ ;^c26 ซม
504    บรรณานุกรม : หน้า 150-157
650  7 ระบบราชการ^zไทย
650  7 การบริหารรัฐกิจ^zไทย
650  7 การปฏิรูประบบราชการ^zไทย
945    ^p150^l0^i014553
945    ^p150^l0^i014554
945    ^p150^l0^i014555
995    ทศพร
999 ^a ทศพร
รายการนี้ยังไม่มีแท็ก
คุณยังไม่ได้ล็อกอิน คุณสามารถมีกิจกรรมร่วมกับเว็บไซต์ได้ แต่ต้องล็อกอินก่อน ::
  ล็อกอิน

รายการสื่อสารสนเทศ

ลำดับที่ ประเภท เลขเรียก/บาร์โค้ด สถานที่ สถานะ
- ไม่พบข้อมูล -

BibComment


ยังไม่เคยถูกคอมเมนท์

คอมเมนท์ทรัพยากรรายการนี้
  คอมเมนท์: การบริหารราชการไท..


 Copyright 2026. Bcnsprnw @Library